| 000 | 00471nam a22001577a 4500 | ||
|---|---|---|---|
| 003 | macl | ||
| 005 | 20221222153821.0 | ||
| 008 | 221222b |||||||| |||| 00| 0 eng d | ||
| 040 | _cmacl | ||
| 082 | _a891.432/ALE | ||
| 100 |
_aअलीम,डाॅ. मोहम्मद _981641 |
||
| 245 | _aइमाम ए हिन्द | ||
| 260 |
_aदिल्ली _bसंप्रेषण मल्टी _c2019 |
||
| 650 | _aनाटक | ||
| 942 |
_2ddc _cHIN |
||
| 999 |
_c65797 _d65797 |
||